000 00306nam a22001337a 4500
008 170622b xxu||||| |||| 00| 0 eng d
020 _a9781568028781
041 _aeng
080 _a32
100 _a20
101 _aSHP
245 _aENVIRONMENTAL POLITICS AND POLICY
_cROSENBAUM, W.A
942 _2udc
_cBK
999 _c18758
_d18758